Total War: Warhammer 3: Races - Statistics

General Stats
  • This quiz has been taken 131 times
  • The average score is 18 of 24
Answer Stats
Answer % Correct
The Empire
94%
Greenskins
90%
Dark Elves
88%
High Elves
85%
Bretonnia
82%
Dwarfs
82%
Lizardmen
82%
Skaven
82%
Wood Elves
81%
Nurgle
79%
Slaanesh
79%
Khorne
78%
Beastmen
75%
Grand Cathay
75%
Norsca
75%
Tomb Kings
75%
Tzeentch
73%
Vampire Counts
72%
Kislev
70%
Chaos Dwarfs
69%
Vampire Coast
69%
Ogre Kingdoms
66%
Warriors of Chaos
64%
Daemons of Chaos
37%
No matching quizzes found
Score Distribution
Percent of People with Each Score
Percentile by Number Answered
Your Score History
You have not taken this quiz